First Generation Pokemon- Sudden Death - Statistics

General Stats
  • This quiz has been taken 62 times
  • The average score is 10 of 15
Answers on the Grid
Answers color-coded by a green-red scale on the quiz's grid according to % correct below.
Pikachu
Kingdra
Kingler
Psyduck
Slowking
Chikorita
Marill
Primeape
Sentret
Bulbasaur
Cloyster
Smoochum
Pichu
Magnemite
Sneasel
Goldeen
Tauros
Magnezone
Electabuzz
Scyther
Suicune
Misdreavus
Farfetch’d
Corsola
Exeggutor
Chansey
Blissey
Alakazam
Lileep
Ampharos
 
Answer Stats
Answer % Correct
Pikachu
98%
Psyduck
76%
Bulbasaur
74%
Kingler
65%
Cloyster
63%
Tauros
63%
Electabuzz
61%
Goldeen
61%
Scyther
61%
Alakazam
59%
Chansey
59%
Exeggutor
59%
Farfetch’d
59%
Magnemite
57%
Primeape
57%
No matching quizzes found
Score Distribution
Percent of People with Each Score
Percentile by Number Answered
Your Score History
You have not taken this quiz